| 000 | 00986nam a2200253Ia 4500 | ||
|---|---|---|---|
| 005 | 20170612155737.0 | ||
| 010 | _aBAC-EN21 ENG-111934 | ||
| 020 |
_a9788126541812 _c699.00 |
||
| 020 |
_a9788126541812 _c799.00 (AV) |
||
| 035 | _aEN-95465 | ||
| 035 | _aB-584871-891 | ||
| 035 | _aB-669722 | ||
| 037 |
_bAsian Book Centre/Ven _adpl |
||
| 037 | _bDBAD/PUB | ||
| 082 | _a547 | ||
| 245 |
_aSolomons & Fryhle organic chemistry for JEE(Main & Advanced) / _cadapted by M.S.Chouhan |
||
| 260 |
_c2014 _aNew Delhi _bJohn Wiley |
||
| 270 |
_a4435-36/7, Ansari Road, Daryaganj _bNew Delhi _e110002 |
||
| 300 |
_c25cm(pbk) _avarious pagings : _bill. |
||
| 500 | _aIncludes index | ||
| 942 |
_cEN _2ddc _mSOL _h547 |
||
| 999 |
_c88077 _d88077 |
||